Lecciones de ginecología en el Hospital General [de México] / (Record no. 71096)

MARC details
000 -LEADER
campo de control de longitud fija 00536nam a2200157 i 4500
001 - NÚMERO DE CONTROL
campo de control 71096
003 - IDENTIFICADOR DE NÚMERO DE CONTROL
campo de control ES-MaACL
005 - FECHA Y HORA DE LA ÚLTIMA TRANSACCIÓN
campo de control 20230906171023.0
007 - CAMPO FIJO DE DESCRIPCIÓN FÍSICA--INFORMACIÓN GENERAL
campo de control de longitud fija t|
008 - DATOS DE LONGITUD FIJA--INFORMACIÓN GENERAL
campo de control de longitud fija 040805m19241926mx ||||1| spa d
100 1# - ENTRADA PRINCIPAL--NOMBRE DE PERSONA
Nombre de persona Gastelum, Bernardo J.
9 (RLIN) 55932
245 10 - MENCIÓN DEL TÍTULO
Título Lecciones de ginecología en el Hospital General [de México] /
Mención de responsabilidad, etc. por Bernardo J. Gastelum ; jefe de clínica Alfonso Ortiz.
260 ## - PUBLICACIÓN, DISTRIBUCIÓN, ETC.
Lugar de publicación, distribución, etc. México :
Nombre del editor, distribuidor, etc. Departamento Editorial de la Secretaría de Educación,
Fecha de publicación, distribución, etc. 1924-26.
300 ## - DESCRIPCIÓN FÍSICA
Extensión 2 v. ;
Dimensiones 24 cm.
852 ## - LOCALIZACIÓN
Ubicación ES-MaACL
Número de control de estantería E-1384
Holdings
Estatus retirado Estado de pérdida Estado de daño No para préstamo Biblioteca de origen Biblioteca actual Ubicación en estantería Fecha de adquisición Fuente de adquisición Total de préstamos Signatura topográfica completa Código de barras Visto por última vez Precio de reemplazo Tipo de ítem Koha
        Biblioteca del Ateneo de Madrid Biblioteca del Ateneo de Madrid Depósito 2 17/01/2008     E-1384 1074444 23/02/2023 23/02/2023 Libro impreso